Test Cricket - Most career wickets by a spinner - Statistics

General Stats
  • This quiz has been taken 505 times
    128 since last reset
  • The average score is 7 of 9
Answer Stats
Wickets Country Years Active Bowler % Correct
708 Australia 1992-2007 Shane Warne
100%
800 Sri Lanka 1992-2010 Muttiah Muralitharan
95%
619 India 1990-2008 Anil Kumble
93%
506 Australia 2011-2024 Nathan Lyon
90%
490 India 2011-2023 Ravichandran Ashwin
88%
362 New Zealand 1997-2014 Daniel Vettori
84%
417 India 1998-2015 Harbhajan Singh
81%
433 Sri Lanka 1999-2018 Rangana Herath
69%
309 West Indies 1958-1976 Lance Gibbs
42%
No matching quizzes found
Score Distribution
Percent of People with Each Score
Percentile by Number Answered
Your Score History
You have not taken this quiz since the last reset